ბათუმის შოთა რუსთაველის სახელმწიფო უნივერსიტეტის ბიბლიოთეკა

Vitalité sociolinguistique des langues des massifs montagneux : (ბიბ.ჩანაწერი № 60483)

000 -LEADER
fixed length control field 02036cam a2200481 i 4500
001 - CONTROL NUMBER
control field 23113764
005 - DATE AND TIME OF LATEST TRANSACTION
control field 20230731120354.0
008 - FIXED-LENGTH DATA ELEMENTS--GENERAL INFORMATION
fixed length control field 221219e20221219it a ab 000 0 ita d
010 ## - LIBRARY OF CONGRESS CONTROL NUMBER
LC control number 2023372443
020 ## - INTERNATIONAL STANDARD BOOK NUMBER
International Standard Book Number 9791221803778 : X
Terms of availability 23.00 EUR
035 ## - SYSTEM CONTROL NUMBER
System control number (ItFiC)5380531
035 ## - SYSTEM CONTROL NUMBER
System control number (OCoLC)1377206364
040 ## - CATALOGING SOURCE
Original cataloging agency ItFiC
Description conventions rda
Transcribing agency ItFiC
Modifying agency DLC
041 0# - LANGUAGE CODE
Language code of text/sound track or separate title ita
-- fre
-- eng
Language code of summary or abstract eng
-- fre
-- ita
042 ## - AUTHENTICATION CODE
Authentication code lccopycat
043 ## - GEOGRAPHIC AREA CODE
Geographic area code ea-----
-- e-urk--
050 00 - LIBRARY OF CONGRESS CALL NUMBER
Classification number P40.45.A385
Item number V58 2022
080 ## - UNIVERSAL DECIMAL CLASSIFICATION NUMBER
Universal Decimal Classification number 81'27 V-76
245 00 - TITLE STATEMENT
Title Vitalité sociolinguistique des langues des massifs montagneux :
Remainder of title Alpes et Caucase /
Statement of responsibility, etc. sous la direction de Fabio Scetti, Ksenija Djordjevic Léonard, Jean Léo Léonard ; contributions de Natia Abashidze [twenty-nine others].
250 ## - EDITION STATEMENT
Edition statement Première édition.
264 #1 - PRODUCTION, PUBLICATION, DISTRIBUTION, MANUFACTURE, AND COPYRIGHT NOTICE
Place of production, publication, distribution, manufacture Roma :
Name of producer, publisher, distributor, manufacturer Aracne,
Date of production, publication, distribution, manufacture, or copyright notice 19 décembre 2022.
300 ## - PHYSICAL DESCRIPTION
Extent 381 pages :
Other physical details illustrations (some color) ;
Dimensions 24 cm.
336 ## - CONTENT TYPE
Content type term text
Content type code txt
Source rdacontent
337 ## - MEDIA TYPE
Media type term unmediated
Media type code n
Source rdamedia
338 ## - CARRIER TYPE
Carrier type term volume
Carrier type code nc
Source rdacarrier
490 0# - SERIES STATEMENT
Series statement Lingue d'Europa e del Mediterraneo ;
Volume/sequential designation 17.
Series statement Sezione IV, Sociolingistica
504 ## - BIBLIOGRAPHY, ETC. NOTE
Bibliography, etc. note Includes bibliographical references.
546 ## - LANGUAGE NOTE
Language note Texts in Italian, French, and English; abstracts in English, French, and Italian.
650 #0 - SUBJECT ADDED ENTRY--TOPICAL TERM
Topical term or geographic name entry element Sociolinguistics
Geographic subdivision Alps.
9 (RLIN) 19569
650 #0 - SUBJECT ADDED ENTRY--TOPICAL TERM
Topical term or geographic name entry element Languages in contact
Geographic subdivision Alps.
9 (RLIN) 19570
650 #0 - SUBJECT ADDED ENTRY--TOPICAL TERM
Topical term or geographic name entry element Sociolinguistics
Geographic subdivision Caucasus.
9 (RLIN) 19571
650 #0 - SUBJECT ADDED ENTRY--TOPICAL TERM
Topical term or geographic name entry element Languages in contact
Geographic subdivision Caucasus.
9 (RLIN) 19572
651 #0 - SUBJECT ADDED ENTRY--GEOGRAPHIC NAME
Geographic name Alps
General subdivision Languages.
9 (RLIN) 19573
651 #0 - SUBJECT ADDED ENTRY--GEOGRAPHIC NAME
Geographic name Caucasus
General subdivision Languages.
9 (RLIN) 19574
653 ## - INDEX TERM--UNCONTROLLED
keyword სოციოლინგვისტიკა
700 1# - ADDED ENTRY--PERSONAL NAME
Personal name Scetti, Fabio,
Relator term editor.
9 (RLIN) 19575
700 1# - ADDED ENTRY--PERSONAL NAME
Personal name Djordjević, Ksenija,
Relator term editor.
9 (RLIN) 19576
700 1# - ADDED ENTRY--PERSONAL NAME
Personal name Léonard, Jean-Léo,
Relator term editor.
9 (RLIN) 19577
856 41 - ELECTRONIC LOCATION AND ACCESS
Materials specified Table of contents only
Uniform Resource Identifier https://www.loc.gov/catdir/toc/casalini19/5380531.pdf
906 ## - LOCAL DATA ELEMENT F, LDF (RLIN)
a 7
b cbc
c copycat
d 3
e ncip
f 20
g y-gencatlg
942 ## - ADDED ENTRY ELEMENTS (KOHA)
Source of classification or shelving scheme
Koha item type წიგნი
ეგზემპლარები
Withdrawn status Lost status Source of classification or shelving scheme Damaged status Not for loan Permanent Location Current Location Shelving location Date acquired Cost, normal purchase price Full call number Barcode Date last seen Copy number Price effective from Koha item type Public note
          ბათუმის შოთა რუსთაველის სახელმწიფო უნივერსიტეტის მთავარი ბიბლიოთეკა ბათუმის შოთა რუსთაველის სახელმწიფო უნივერსიტეტის მთავარი ბიბლიოთეკა წიგნსაცავი 2023-07-31 8.00 81'27 V-76 65069 2023-07-31 65069 2023-07-31 წიგნი 8.00